000 02517nam a2200469 a 4500
999 _c133196
_d133196
003 BLK
005 20240103095738.0
008 180409b bul|||||r ||||||| ||bul||
010 _aKNG00139086000
020 _a954-8010-16-Х
040 _aBLK
041 _aBUL
_cBUL
080 _aСхоластична философия. Терминизъм. Концептуализъм. Неосхоластицизъм. Философска антропология
_b141.31
_z141.31
080 _aФилософски системи според отношението към проблема за бога -Теизъм. Деизъм. Пантеизъм. Акосмизъм. Панентеизъм. Атеизъм. Вж и 211
_b141.4
_z141.4
080 _aРелигия и наука. Теология и философия. Знание и вяра. Конфликт между църквата и науката Вж и 001;1;291. 1;234; 239
_b215
_z215
100 1 _aФранк, Семьон Людвигович
_eпърви автор
_9250468
139 _aФранк, Семьон Людвигович
_bФ 77
245 1 0 _aРеалност и човек
_bМетафизика на човешкото битие
_cСемьон Людвигович Франк; прев. от рус. Светла Тасева.
257 _aRUS
260 _aСофия
_bГАЛ-ИКО
_c1992
300 _a335 с.
_c20 см
380 _a1
490 _aФилософска библиотека
_9201169
500 _aОриг. загл. Реальность и человек. Метафизика человеческого бытия / Семен Л. Франк.
650 4 _aМетафизика
_9162035
650 4 _aРелигиозна философия
_9241531
650 4 _aАнтропология, философска
_9252429
650 4 _aБогословие и философия
_9272638
651 4 _aРусия
_9179465
653 _aметафизика
653 _aрелигиозна философия
653 _aфилософска антропология
700 1 _aТасева, Светла
_eпрев. от рус.
_9323648
852 _aЦб 172735
_bЦб
856 4 _qpdf
_i0.00
_ldisable
856 4 _qpdf
_i0.00
_ldisable
942 _cKNG
_n0
_s1
_01
944 _aCR
_c06.02.2013
_lЦветелина Шанова
_k30531
944 _aED
_c06.02.2013
_l06.02.2013 - от С1,Р / 06.02.2013
999 _d133196
999 _d133196